Notas sobre el nido de Eulaema polychroma (Hymenoptera: Apidae: Euglossini) (Registro nro. 15417)
[ vista simple ]
| 000 -CABECERA | |
|---|---|
| Campo de control | 004690000a22001330004500 |
| 090 ## - CLASIFICACIÓN LOCAL | |
| Colección | As |
| Consecutivo | Seriadas |
| 041 0# - IDIOMA | |
| Código de idioma para texto/pista de sonido o título separado | |
| 100 1# - ASIENTO PRINCIPAL--NOMBRE PERSONAL | |
| Nombre personal | Nates Parra, Guiomar |
| 245 10 - MENCION DE TITULO | |
| Título | Notas sobre el nido de Eulaema polychroma (Hymenoptera: Apidae: Euglossini) |
| 246 3# - FORMA VARIANTE DEL TITULO | |
| Título propiamente dicho/forma breve del título | Notes on the nest of Eulaema polychroma (Hymenoptera: Apidae: Euglossini) |
| 700 1# - ASIENTO SECUNDARIO - NOMBRE PERSONAL | |
| Nombre personal | González , Víctor Hugo |
| 773 1# - Item fuente: | |
| Título | Actualidades Biológicas |
| Descripción física | 72 |
| Paginas del Articulo | 83-90 |
| Lugar, editorial y fecha de publicación | 2000 |
| Información sobre la relación | 22 |
| 942 ## - ELEMENTOS ADICIONALES (KOHA) | |
| Tipo de ítem | Artículo |
No hay ítems disponibles.